| 000 | 00674nam a22002531 4500 | ||
|---|---|---|---|
| 001 | 12656 | ||
| 003 | BD-RjUL | ||
| 005 | 20211208235331.0 | ||
| 008 | 140129s1965 nyua 001 0 eng | ||
| 035 | _a(BD-RjUL)12706 | ||
| 040 |
_aDLC _cDLC _dDLC _beng |
||
| 041 | _aeng | ||
| 082 |
_a621.34 _bCHE |
||
| 100 | 1 |
_aChute, George M. _939404 |
|
| 245 | 1 | 0 |
_aElectronics in industry / _c[by] George M. Chute. |
| 250 | _a3d ed. | ||
| 260 |
_aNew York, _bMcGraw-Hill _cc1965. |
||
| 300 |
_aix, 598 p. : _billus. ; _c24 cm. |
||
| 504 | _aIncludes index. | ||
| 650 | 0 |
_aIndustrial electronics. _939405 |
|
| 942 |
_2ddc _cBK |
||
| 999 |
_c12656 _d12656 |
||